000 00682nas a2200229 a 4500
001 000478483
003 AM-YEHGA
005 20250617134038.0
008 060307c19389999fr mrzp 0 0arm d
040 _aAM-YeHGA
041 0 _aarm
222 0 _aԿեանք եւ արուեստ
245 0 0 _aԿեանք եւ արուեստ :
_bԱմսագիր.
246 1 4 _aLart et la vie :
_bRevue mensuelle Armeninne illustree
260 _aՓարիզ :
_bԱ. հ.,
_c1938-.
300 _aհամար :
_bնկ.
310 _aԱմենամսյա
362 0 _a1938-
650 1 4 _aԳրականություն
_xԱրվեստ
_vՊարբերականներ
942 _2udc
_cCR
090 _c176926
999 _c175483
_d175483